000 nam a22 7a 4500
999 _c129470
_d129470
008 190425b xxu||||| |||| 00| 0 eng d
020 _a9780395275078
050 _aPC4112.A733 1979
100 _aArmitage, Richard
_946005
245 _aBeginning Spanish:
_ba cultural approach
_c/ by Richard Armitage and Walter Maiden
250 _a4th.ed.
260 _aDallas:
_bHoughton Mifflin Company,
_c1979.
300 _axxxi, 522p. ;
_c22cm.
650 _aSpanish language
_xgrammar
_y1950
_946006
700 _aMaiden, Walter
_946007
942 _2lcc
_cMONOGRAPH